000
00301nam a22001337a 4500
020
_a
0-7214-0616-5
082
_a
823
_b
LAD/E
100
_a
HUNIA FRAN
245
_a
THE ENORMOUS TURNIP
_b
READ IT YOUR SELF
260
_a
UK
_b
LADY BIRD
300
_a
52
650
_a
ENGLISH SHORT STORY
_z
UK
942
_c
BK
999
_c
2283
_d
2283